<?xml version="1.0" encoding="UTF-8"?>
<marc:record xmlns:marc="http://www.loc.gov/MARC21/slim">
   <marc:leader>00000nam a2200000 a 4500</marc:leader>
   <marc:datafield ind1="1" ind2=" " tag="100">
      <marc:subfield code="a">Revedin, Jana</marc:subfield>
      <marc:subfield code="4">aut</marc:subfield>
      <marc:subfield code="e">Verfasser/-in</marc:subfield>
   </marc:datafield>
   <marc:datafield ind1="0" ind2="0" tag="245">
      <marc:subfield code="a">Frau hinter Hecken</marc:subfield>
   </marc:datafield>
   <marc:datafield ind1="0" ind2="0" tag="245">
      <marc:subfield code="b">Roman</marc:subfield>
   </marc:datafield>
   <marc:datafield ind1="0" ind2="0" tag="245">
      <marc:subfield code="c">Jana Revedin</marc:subfield>
   </marc:datafield>
   <marc:datafield ind1=" " ind2="1" tag="264">
      <marc:subfield code="a">Wien</marc:subfield>
      <marc:subfield code="b">Styria Premium</marc:subfield>
      <marc:subfield code="c">2014</marc:subfield>
   </marc:datafield>
   <marc:datafield ind1="1" ind2=" " tag="520">
      <marc:subfield code="a">Angaben aus der Verlagsmeldung

Frau hinter Hecken : Roman / von Jana Revedin

Eines Tages bekommt Sylvie unangemeldeten Besuch. Isolde Schwartz, eine international anerkannte Philosophin, nimmt innerhalb nur eines Tages ihr Leben in Beschlag und zieht sie in einen Strudel von Erinnerungen und Ängsten. Sylvie entdeckt Schritt für Schritt, warum Isolde Schwartz von ihrem so glanzvoll scheinenden Weg abkam und sich nun in ihrem Haus hinter hohen Hecken versteckt. Sich in Lügen verstrickt, ihr Leben wegwirft. Beinahe. Jana Revedins neuer Roman ist ein literarisches Kammerspiel über die Selbstentfremdung durch herrschende, sich in Hetze erschöpfende Leistungsdiktate. Ein stilles Buch, das die Untiefen unausgesprochener Ängste, des drohenden Versagens behutsam auslotet und doch Platz für Hoffnung lässt.
</marc:subfield>
   </marc:datafield>
   <marc:datafield ind1=" " ind2=" " tag="020">
      <marc:subfield code="a">9783222134418</marc:subfield>
      <marc:subfield code="9">9783222134418</marc:subfield>
   </marc:datafield>
   <marc:datafield ind1=" " ind2=" " tag="020">
      <marc:subfield code="a">3222134413</marc:subfield>
      <marc:subfield code="9">3222134413</marc:subfield>
   </marc:datafield>
   <marc:datafield ind1=" " ind2=" " tag="041">
      <marc:subfield code="a">ger</marc:subfield>
   </marc:datafield>
   <marc:datafield ind1=" " ind2=" " tag="300">
      <marc:subfield code="a">104 S.</marc:subfield>
   </marc:datafield>
</marc:record>
